Código procesal penal de la Nación (Registro nro. 3458)
[ vista simple ]
| 000 -LEADER | |
|---|---|
| fixed length control field | 02228 a2200313 4500 |
| 001 - CONTROL NUMBER | |
| control field | 41315 |
| 005 - DATE AND TIME OF LATEST TRANSACTION | |
| control field | 20260407155707.0 |
| 008 - FIXED-LENGTH DATA ELEMENTS--GENERAL INFORMATION | |
| fixed length control field | 260407a2015 arg spa d |
| 003 - CONTROL NUMBER IDENTIFIER | |
| control field | AR-UNSa-BCEJYS |
| 040 ## - CATALOGING SOURCE | |
| Original cataloging agency | AR-UNSa-BCEJYS |
| Language of cataloging | spa |
| Transcribing agency | AR-UNSa-BCEJYS |
| 080 ## - UNIVERSAL DECIMAL CLASSIFICATION NUMBER | |
| Universal Decimal Classification number | 343.13 |
| Common auxiliary subdivision | Procedimiento penal. Derecho procesal penal |
| 041 ## - LANGUAGE CODE | |
| Language code of text/sound track or separate title | spa |
| 100 1# - MAIN ENTRY--PERSONAL NAME | |
| Personal name | Niño, Luis F. |
| 245 10 - TITLE STATEMENT | |
| Title | Código procesal penal de la Nación |
| Name of part/section of a work | Aspectos esenciales de la reforma introducida por la Ley 27.063 |
| 264 #1 - PRODUCTION, PUBLICATION, DISTRIBUTION, MANUFACTURE, AND COPYRIGHT NOTICE | |
| Place of production, publication, distribution, manufacture | Buenos Aires : |
| Name of producer, publisher, distributor, manufacturer | Erreius |
| Date of production, publication, distribution, manufacture, or copyright notice | 2015 |
| 300 ## - PHYSICAL DESCRIPTION | |
| Extent | 105 p. |
| Dimensions | 26 cm. |
| 505 ## - FORMATTED CONTENTS NOTE | |
| Formatted contents note | 1. Consideraciones en torno al nuevo Código Procesal Penal de la Nación (L. 27063) / Luis F. Niño - 2. El nuevo Código Procesal Penal de la Nación -L. 27063- / Nicolás Grappasonno - 3. A propósito de la implementación del nuevo Código Procesal Penal de la Nación: ¿existe un límite temporal entre dos sistemas procesales? / Horacio J. Romero Villanueva - 4. Sobre ciertos aspectos del juicio en el nuevo Código Procesal Penal de la Nación / Raúl F. Elhart - 5. La conciliación en el nuevo Código Procesal Penal de la Nación / Viviana H. Sánchez Rodríguez - 6. La suspensión del juicio a prueba en el nuevo Código Procesal Penal: el régimen diferenciado para nacionales y extranjeros / Javier T. Alvarez - 7. Sobre los procedimientos alternativos al juicio oral que se establecen en el nuevo Código Procesal Penal de la Nación / Corina Vera Mendoza - 8. La conciliación a la luz de la ley 24769. ¿Un nuevo supuesto de extinción de la acción penal por pago? / Santiago L. González - 9. La imposibilidad de aplicar una pena mayor a la solicitada por el fiscal o modificar la calificación legal en el nuevo Código Procesal Penal / Yamila Rodríguez |
| 590 ## - LOCAL NOTE (RLIN) | |
| Local note | niveau_biblio:m niveau_hierar:0 |
| 700 1# - ADDED ENTRY--PERSONAL NAME | |
| Personal name | Romero Villanueva, Horacio J. |
| 700 1# - ADDED ENTRY--PERSONAL NAME | |
| Personal name | Grappasonno, Nicolás |
| 700 1# - ADDED ENTRY--PERSONAL NAME | |
| Personal name | Elhart, Raúl F. |
| 700 1# - ADDED ENTRY--PERSONAL NAME | |
| Personal name | Sánchez Rodríguez, Viviana H. |
| 700 1# - ADDED ENTRY--PERSONAL NAME | |
| Personal name | Álvarez, Javier T. |
| 700 1# - ADDED ENTRY--PERSONAL NAME | |
| Personal name | Vera Mendoza, Corina |
| 700 1# - ADDED ENTRY--PERSONAL NAME | |
| Personal name | González, Santiago L. |
| 700 1# - ADDED ENTRY--PERSONAL NAME | |
| Personal name | Rodríguez, Yamila V. |
| 856 41 - ELECTRONIC LOCATION AND ACCESS | |
| Uniform Resource Identifier | <a href="https://biblioeco.unsa.edu.ar/pmb/images/libros/E00030.jpg">https://biblioeco.unsa.edu.ar/pmb/images/libros/E00030.jpg</a> |
| Link text | Imagen de portada |
| Electronic format type | image/jpeg |
| 942 ## - ADDED ENTRY ELEMENTS (KOHA) | |
| Koha item type | |
| Withdrawn status | Lost status | Damaged status | Not for loan | Home library | Current library | Shelving location | Date acquired | Total checkouts | Full call number | Barcode | Date last seen | Price effective from | Koha item type |
|---|---|---|---|---|---|---|---|---|---|---|---|---|---|
| Biblioteca Prof. Eusebio Cleto del Rey | Biblioteca Prof. Eusebio Cleto del Rey | 07/04/2026 | E343.13 R763/ER | E00030 | 07/04/2026 | 07/04/2026 | Libro |